000 00747nam a22002537a 4500
003 DO-SdBNP
005 20171213080735.0
008 151202b 1978 sp xxu||||| |||| 00| 0 spa d
020 _a842700480X
040 _aBPMSU
_bspa
_cBPMSU
092 _axxxx
_bxxxx
100 1 _aLundgren, Max,
_d1937-2005.
240 1 0 _aOle kallar mej Lise.
_lEspañol.
245 1 0 _aEl amor de Lisa /
_cMax Lundgren ; traducción de R. Muñoz Urpina.
260 _aBarcelona :
_bMartínez Roca,
_c1978.
300 _a121 p. ;
_c20 cm.
490 1 _aFontana joven
700 1 2 _aMuñoz Urpina, Rosa,
_etr.
830 0 _aFontana joven
910 _a00260
942 _2ddc
_cBK
945 _ainventariado extranjero / DG
956 _aLorenza Pérez
_b10
999 _c8991
_d8991